[Event "Tres Cantos op 4th"]
[Site "Tres Cantos"]
[Date "2012.06.28"]
[Round "8"]
[White "Bravo Dominguez, Eduardo"]
[Black "Galan Aguado, Fernando"]
[Result "1/2-1/2"]
[WhiteElo "1596"]
[BlackElo "1839"]
[PlyCount "82"]
[EventDate "2012.06.21"]
[EventType "swiss"]
[EventRounds "9"]
[EventCountry "ESP"]
[SourceTitle "CBM 149 Extra"]
[Source "ChessBase"]
[SourceDate "2012.08.24"]
[SourceVersion "1"]
[SourceVersionDate "2012.08.24"]
[SourceQuality "1"]

1. d4 d5 2. Nf3 Nf6 3. Bf4 e6 4. e3 Bd6 5. Bg3 Nbd7 6. Nbd2 Qe7 7. c3 b6 8. Ne5 Bb7 9. Ndf3 0-0 10. Bd3 Ne4 11. Nxd7 Qxd7 12. Ne5 Qe7 13. f3 Nf6 14. Bh4 c5 15. Qb1 h6 16. Ng4 cxd4 17. Bxf6 gxf6 18. exd4 Kg7 19. Qc1 Rh8 20. 0-0 f5 21. Ne3 Rag8 22. Bxf5 Bxh2+ 23. Kxh2 Qc7+ 24. Kg1 exf5 25. Nxf5+ Kf8 26. Qe3 Bc8 27. Nxh6 Rg6 28. Ng4 Bxg4 29. fxg4 Qh2+ 30. Kf2 Rf6+ 31. Ke2 Re6 32. Qxe6 Qxg2+ 33. Rf2 Qxf2+ 34. Kxf2 fxe6 35. Kg3 Ke7 36. Re1 Rg8 37. Kh4 Rh8+ 38. Kg3 Rg8 39. Kh4 Rh8+ 40. Kg3 Rg8 41. Kh4 Rh8+ 1/2-1/2